Zgadnij państwo po trzech podpowiedziach - Statystyki

Ogólne statystyki
  • Ten quiz został rozwiązany 658 razy
  • Średni wynik to 16 z 20
Statystyki odpowiedzi
Hint Odpowiedź % Poprawnych
Jedzenie ślimaków, wieza Eiffla, Luizjana francja
99%
FC barcelona, byki, katalonia hiszpania
99%
Papież, Bazylika Świętego Piotra, najmniejsze państwo swiata watykan
97%
Zmienianie stron w konfliktach, Krzywa Wieża W Pizie, kształt buta włochy
97%
Syrop klonowy, mróz, Toronto kanada
96%
Najsilniejsza armia świata, George Washington, Porto Ryko stany zjednoczone
96%
Kangury, Wojna Emu, Tasmania australia
93%
Gigachad, Wojna, największe państwo rosja
91%
Neutralność, zegarek, góry szwajcaria
91%
Kolonia portugalska, Ameryka południowa, piąte największe państwo brazylia
89%
Rozbiory polski, odsiecz Wiedeńska, w Unii Europejskiej i nie w NATO austria
88%
Hokkaido, Hiragana, Państwo Osi w Drugiej Wojnie Światowej japonia
84%
Szkocja, największe imperium w historii, Kanał La Manche wielka brytania
83%
Wojwodina, Kosowo, Jugosławia serbia
78%
Gulasz, Unia personalna z Polską, Transylwania węgry
77%
Język kataloński, szczyty, graniczy tylko z dwoma państwami andorra
69%
Wino, język rumuński, lenno Polski i Imperium Osmańskiego mołdawia
61%
Najmłodsze państwo, Afryka, Dżuba sudan południowy
60%
Boliwar, Inflacja, Język hiszpański wenezuela
53%
Chrześcijaństwo, Azja, dużo wysep Filipiny
48%
Nie znaleziono quizów pasujących do podanych kryteriów
Rozkład punktacji
Procent ludzi z każdym wynikiem
Percentyl według liczby udzielonych odpowiedzi
Twoja historia wyników
Nie rozwiązałeś tego quizu